000 01374cam a2200253 4500
001 J124839
008 111205n2000 000 0 eng u
035 _a(Sirsi) u124839
041 _aeng
050 _a343.41078
_c18
110 _aEuropean Union
245 _aCouncil regulation (EC) No 1346/2000 of 29 May 2000 on insolvency proceedings
260 _aBrussels
_bEuropa
_c2000
490 _aRegulation (EC)
_v1346/2000
520 _aKnown as the EC Regulation on Insolvency Proceedings 2000. The proceedings introduces an ordered regime governing the administration of the affairs of an insolvent which extend into more than one member state of the European Union. They ensure the recognition of a court order in bankruptcy or an order or resolution for winding up without further formality and define the roles of the office holders where more than one set of insolvency proceedings involving the same debtor have been instituted in different member states.
650 _aREGULATION (EC) 1346/2000
650 _aCORPORATE INSOLVENCY
650 _aPERSONAL BANKRUPTCY
650 _aEUROPEAN UNION
650 _aREGULATIONS
690 _aMANAGEMENT-BUSINESS MANAGEMENT
856 _uhttps://eur-lex.europa.eu/LexUriServ/LexUriServ.do?uri=OJ:L:2000:160:0001:0018:en:PDF
_zView the Council regulation free of charge at http://eur-lex.europa.eu
942 _n0
999 _c103292
_d103292